Manifiesto de El Salvador
Uloženo v:
| Médium: | Text |
|---|---|
| Jazyk: | Spanish |
| Témata: | |
| Tagy: |
Přidat tag
Žádné tagy, Buďte první, kdo vytvoří štítek k tomuto záznamu!
|
MARC
| LEADER | 00000 a a2200000 04500 | ||
|---|---|---|---|
| 001 | 235 | ||
| 003 | cru CIDCACS/IIS | ||
| 005 | 20231010114325.0 | ||
| 008 | 190917b ||||| |||| 00| 0 spa d | ||
| 040 | |c cru CIDCACS/IIS | ||
| 245 | 0 | |a Manifiesto de El Salvador | |
| 300 | |a páginas 79-80 | ||
| 650 | 0 | |a VIOLENCIA |9 133 | |
| 650 | 0 | |a POLITICA |9 3691 | |
| 651 | 4 | |9 1928 |a EL SALVADOR | |
| 773 | 0 | |0 41952 |9 3364 |d Madrid: Solidaridad para el desarrollo y la paz, SODEPAZ-SODEPAU; Asociación Andaluza por la solidaridad y la paz 1990- |o 03610 |t Africa América Latina: |x 11302569 | |
| 942 | |2 ddc |c PP | ||
| 999 | |c 42353 |d 42353 | ||
